000 00399nam a22001697a 4500
003 MPLRDC
005 20220104123344.0
008 210129b ||||| |||| 00| 0 eng d
082 _a857.61 ZJM
100 _a郑镜明等著
245 _a代沟
_c
250 _a初版
260 _a
_b香港高原出版社
_c1978
300 _b
650 _a短篇小说--总集
942 _cBK
_o857.61 ZJM
999 _c10762
_d10752